000 00965nam a22001817a 4500
999 _c59746
_d59746
003 Ge_BSU
005 20230410135923.0
008 230410s1996 ge ||||| |||| 00| 0 geo d
041 _ageo
080 _a94(479.22) ჯ-14
100 _aჯავახიშვილი, ივანე
_917576
245 _aსაქართველოს საზღვრები :
_bისტორიულად და თანამედროვე თვალსაზრისით განხილული /
_cივანე ჯავახიშვილი; რედ. დურმიშხან ცინცაძე.
264 _aთბილისი:
_b(სახელმწიფო სტამბა),
_c1996.
300 _a48 გვ. ;
_b21 სმ.
653 _aსაქართველოს საზღვრები
700 _aცინცაძე, დურმიშხან
_eრედაქტორი
_917577
942 _2udc
_cBK